000 00372nam a2200157Ia 4500
003 OSt
005 20240202110400.0
008 170523s9999 xx 000 0 und d
020 _a978-9327246087
040 _ciimt university meerut
100 _aJAIN- SP
245 0 _aCOST AND MANAGEMENT ACCOUNTING
260 _bKALYANI PUBLICATION
260 _c1996
942 _2ddc
_c02
999 _c216
_d216